| 000 | 00794nam a22002297a 4500 | ||
|---|---|---|---|
| 003 | 0 | ||
| 005 | 20260116101339.0 | ||
| 008 | 260116b xxu||||| |||| 00| 0 eng d | ||
| 020 | _a978-1-64739-876-7 | ||
| 050 |
_aM 332.6 _bT65 2025 |
||
| 082 |
_aM 332.6 _bT65 2025 |
||
| 100 | _aRedling, Dylin | ||
| 245 |
_aInvesting for kids : _bhow to save, invest, and grow money _cDylin Redling and Allison Tom |
||
| 260 |
_aNaperville, Illinois : _bCallisto Publishing LLC, _c2025. |
||
| 300 |
_aix, 130 pages : _bcolored illustrations ; _c23 cm. |
||
| 504 | _aIncludes bibliographical references and index. | ||
| 650 |
_aFinance, Personal _xJuvenile literature. |
||
| 650 |
_aInvestments _xJuvenile literature. |
||
| 650 |
_aMoney _xJuvenile literature. |
||
| 700 | _aTom, Allison | ||
| 942 |
_2ddc _cBK |
||
| 999 |
_c368709 _d368709 |
||